| 000 | 01211nam a22003497a 4500 | ||
|---|---|---|---|
| 003 | CHAP | ||
| 005 | 20220817044215.0 | ||
| 008 | 080410d2004 co r 00110 spa d | ||
| 010 | _a94690 | ||
| 011 | _a95662 | ||
| 020 | _a9701509048 | ||
| 035 | _a106291 | ||
| 040 | _cCHAP | ||
| 082 | 0 | 4 |
_a371.3 _bM4 |
| 100 | 1 |
_aJimenez Ortega, José. _961435 |
|
| 245 | 1 | 0 |
_aTécnicas de estudio para bachillerato y universidad _c/por José Jiménez Ortega y Juan González Torres |
| 260 |
_aBogota : _bAlfaomega, _c2004 |
||
| 300 |
_a241 p. : _bgráfs. ; cuadros |
||
| 590 |
_aBATCH-UPD _b10 _c20130110 _lUCH01 _h0723 |
||
| 590 |
_aBATCH-UPD _b10 _c20130410 _lUCH01 _h0407 |
||
| 590 |
_aBATCH-UPD _b10 _c20130914 _lUCH01 _h1246 |
||
| 590 |
_aCONVERSION _b10 _c20130109 _lUCH01 _h1352 |
||
| 650 | 1 | 4 |
_aEducación media superior. _935578 |
| 650 | 1 | 4 | _aEducación superior. |
| 650 | 1 | 4 |
_aMétodos de estudio. _976629 |
| 650 | 1 | 4 |
_aRendimiento escolar. _995908 |
| 700 | 1 |
_aGonzález Torres, Juan. _949455 |
|
| 901 | _aBK | ||
| 942 | _cLIBRO | ||
| 949 |
_a371.3 M4 _bBC _cLIBRO _d33724002047090 _eLIBRO _gI.c/e. _h109439 _i106291 _si _t$138.00 |
||
| 949 |
_a371.3 M4 _bBC _cLIBRO _d33724002047108 _eLIBRO _fc.2 _gI.c/e. _h109440 _i106291 _si |
||
| 999 |
_c94690 _d94690 |
||